<?xml version="1.0" encoding="UTF-8"?><?xml-stylesheet type="text/xsl" href="static/style.xsl"?><OAI-PMH xmlns="http://www.openarchives.org/OAI/2.0/" xmlns:xsi="http://www.w3.org/2001/XMLSchema-instance" xsi:schemaLocation="http://www.openarchives.org/OAI/2.0/ http://www.openarchives.org/OAI/2.0/OAI-PMH.xsd"><responseDate>2026-06-03T03:58:29Z</responseDate><request verb="GetRecord" identifier="oai:riuma.uma.es:10630/32744" metadataPrefix="marc">https://riuma.uma.es/rest/oai/request</request><GetRecord><record><header><identifier>oai:riuma.uma.es:10630/32744</identifier><datestamp>2026-02-03T11:11:51Z</datestamp><setSpec>com_10630_2254</setSpec><setSpec>col_10630_37953</setSpec></header><metadata><record xmlns="http://www.loc.gov/MARC21/slim" xmlns:dcterms="http://purl.org/dc/terms/" xmlns:doc="http://www.lyncode.com/xoai" xmlns:xsi="http://www.w3.org/2001/XMLSchema-instance" xsi:schemaLocation="http://www.loc.gov/MARC21/slim http://www.loc.gov/standards/marcxml/schema/MARC21slim.xsd">
   <leader>00925njm 22002777a 4500</leader>
   <datafield ind2=" " ind1=" " tag="042">
      <subfield code="a">dc</subfield>
   </datafield>
   <datafield ind2=" " ind1=" " tag="720">
      <subfield code="a">Dvořáčková, Helena</subfield>
      <subfield code="e">author</subfield>
   </datafield>
   <datafield ind2=" " ind1=" " tag="720">
      <subfield code="a">Hueso-González, Paloma</subfield>
      <subfield code="e">author</subfield>
   </datafield>
   <datafield ind2=" " ind1=" " tag="720">
      <subfield code="a">Záhora, Jaroslav</subfield>
      <subfield code="e">author</subfield>
   </datafield>
   <datafield ind2=" " ind1=" " tag="720">
      <subfield code="a">Ruiz-Sinoga, José Damián</subfield>
      <subfield code="e">author</subfield>
   </datafield>
   <datafield ind2=" " ind1=" " tag="260">
      <subfield code="c">2018-01-10</subfield>
   </datafield>
   <datafield ind2=" " ind1=" " tag="520">
      <subfield code="a">El  objetivo  de  este  estudio  pasa  por  evaluar  el  efecto  del-Terracottem-  en  la  actividad  microbiana del suelo mediante la medida de la respiración edáfica y la pérdida de nitrógeno mineral por  lixiviación.  El  ensayo  se  ha  realizado  en  condiciones  de  laboratorio  controladas  y  con  suelos  naturales.Materiales  y  metodos.  Para  el  experimento,  se  han  diseñado  varios  tratamientos:  i)  suelos naturales a los que se les ha adicionado compuestos nitrogenados de libre disponibilidad (Kg N ha-1); ii) suelos naturales a los que se les ha adicionado carbohidratos de libre disponibilidad (1% de solución de glucosa); iii) suelos naturales a los que se les ha adicionado una mezcla de compuestos nitrogenados de libre disponibilidad (Kg N ha-1) con carbohidratos (1% de solución de glucosa). En cada variante se han testeado diferentes dosis del polímero. Resultados. Los resultados han demostrado que la actividad respiratoria del suelo es independiente de la disponibilidad de compuestos como el nitrógeno o carbono. Tampoco se han observado diferencias significativas entre las diferentes dosis del polímero. Por el contrario, si se observaron diferencias en la producción de CO2. Conclusiones. La lixiviación únicamente se producía cuando los suelos era enmendado con compuestos únicamente nitrogenados o únicamente sólo carbonosos</subfield>
   </datafield>
   <datafield ind1="8" ind2=" " tag="024">
      <subfield code="a">Dvořáčková, H., González, P. H., Záhora, J., &amp; Ruiz Sinoga, R. (2018). El efecto de los polímeros absorbentes en la actividad microbiologica del suelo bajo condiciones mediterráneas. Revista MVZ Córdoba, 23(1), 6414-6464. https://doi.org/10.21897/rmvz.1237</subfield>
   </datafield>
   <datafield ind1="8" ind2=" " tag="024">
      <subfield code="a">https://hdl.handle.net/10630/32744</subfield>
   </datafield>
   <datafield ind1="8" ind2=" " tag="024">
      <subfield code="a">10.21897/rmvz.1237</subfield>
   </datafield>
   <datafield tag="653" ind2=" " ind1=" ">
      <subfield code="a">Suelos - Microbiología</subfield>
   </datafield>
   <datafield tag="653" ind2=" " ind1=" ">
      <subfield code="a">Polímeros</subfield>
   </datafield>
   <datafield ind2="0" ind1="0" tag="245">
      <subfield code="a">The effect of hydropolymers on soil microbial activities in Mediterranean areas.</subfield>
   </datafield>
</record>
</metadata></record></GetRecord></OAI-PMH>